000 00826nam a2200253 a 4500
001 581
003 BR-CuiBMT
005 20231109215414.0
008 231109s2007 mgba 000 0 por d
020 _a9788577001002
040 _aBR-CuiBMT
_cBR-CuiBMT
080 _22007
_a342.9:343.352
090 _a342.9:343.352
_bM827a
100 1 _aMoraes, Antonio Carlos Flores de,
_d1947-
245 _aAdministração pública transparente e responsabilidade do político /
_cAntonio Carlos Flores de Moraes ; prefácio, Adriano Pilatti.
260 _aBelo Horizonte :
_bFórum,
_c2007.
300 _a202 p.:
_bil.
_c22 cm
504 _aInclui bibliografia.
650 _aAdministração pública
650 _aCorrupção política
650 _aDireito administrativo
650 _aMoralidade administrativa
942 _2udc
_cLV
999 _c581
_d581